| 000 | 00978nam a2200205Ia 4500 | ||
|---|---|---|---|
| 001 | 1300 | ||
| 003 | GE_BSU | ||
| 008 | 181216s||||||||xx |||||||||||||| ||und|| | ||
| 020 | _a9982876840 | ||
| 040 | _cGE_BSU | ||
| 080 | _a633/635 | ||
| 245 | _aმემცნენარეობის პროდუქციის წარმოების ტექნოლოგიების სახელმწიფო რეგისტრი | ||
| 245 | _b(მემცენარეობის ტექნოლოგიური სისტემა). რეკომენდაციები. საქ. სოფლ. მერნ. მექანიზ. და ელექტროფ. სამ-კვლ. ინ-ტი. | ||
| 260 | _aთბილისი | ||
| 260 | _c2006 | ||
| 300 | _a424 გვ. 28 სმ. | ||
| 541 | _h15 ლ. | ||
| 653 | _aმემცენარეობის პროდუქციის წარმოება | ||
| 942 | _cBK | ||
| 999 |
_c35442 _d35442 |
||